Vražedné líbánky /

Hlavní autor: Block, Lawrence, 1938-
Další autoři: Plášilová, Marta
Jazyk: Čeština
Vydáno: [Praha] : Vyšehrad, 2002
Vydání: Vyd. 1.
Témata:
Fyzický popis: 149 s. ; 21 cm
Knihy
Uloženo v:
LEADER 01069nam a2200313 a 4500
001 000610055
003 CZ BrMZK
005 20190814140341.0
008 020711c20021967xr g f cze d
015 |a cnb001179542 
020 |a 80-7021-500-3 
035 |a (OCoLC)51188909 
040 |a BOA001  |b cze 
041 1 |a cze  |h eng 
072 7 |a 821.111(73)-3  |x Americká próza  |2 Konspekt  |9 25 
080 |a 821.111(73)-31  |2 MRF 
080 |a (0:82-312.4)  |2 MRF 
100 1 |a Block, Lawrence,  |d 1938-  |7 jn20001103602  |4 aut 
245 1 0 |a Vražedné líbánky /  |c Lawrence Block ; [z anglického originálu přeložila Marta Plášilová] 
250 |a Vyd. 1. 
260 |a [Praha] :  |b Vyšehrad,  |c 2002 
300 |a 149 s. ;  |c 21 cm 
655 7 |a americké romány  |7 fd131796  |2 czenas 
655 7 |a detektivní romány  |7 fd132010  |2 czenas 
700 1 |a Plášilová, Marta  |7 xx0038648  |4 trl 
765 0 |t Deadly Honeymoon  |9 Česky 
910 |a BOA001  |b 2-1104.736 
990 |a BK 
996 6 |b 2610166071  |c 2-1104.736  |l MZK  |r Sklad / do 1 hodiny  |n 0  |p p.v.  |w 000610055  |u 000010  |a 1  |e BOA001  |j MZK50  |s P